000
00258 a2200109 4500
001
3158
082
_a
629.1325 ROB
090
_c
2439
_d
2439
100
_a
Robinson
245
_a
Flying the world great aircraft
260
_a
Hong Kong
_b
Crescent Book
_c
1979
942
_a
NUST-CAE
_k
629.1325 ROB
999
_c
238231
_d
238231